Closest NBA Team To Different Cities - Statistics

General Stats
  • This quiz has been taken 6 times
  • The average score is 7 of 15
Answer Stats
City Team Distance (km) % Correct
Des Moines Minnesota Timberwolves 377
100%
Atlantic City Philadelphia 76ers 91
100%
Guadalajara San Antonio Spurs 1,085
100%
Dakar Boston Celtics 5,941
67%
Edmonton Portland Trail Blazers 1,110
67%
Buffalo Toronto Raptors 94
67%
Pittsburgh Cleveland Cavaliers 185
33%
Honolulu Golden State Warriors 3,857
33%
Cincinnati Indiana Pacers 159
33%
Las Vegas Los Angeles Lakers 370
33%
Cancun Miami Heat 849
33%
Grand Rapids Milwaukee Bucks 182
33%
Albuquerque Phoenix Suns 531
33%
Knoxville Atlanta Hawks 250
0%
Wichita Oklahoma City Thunder 248
0%
No matching quizzes found
Score Distribution
Percent of People with Each Score
Percentile by Number Answered
Your Score History
You have not taken this quiz